Guess the right country #3 - Statistics

General Stats
  • This quiz has been taken 47 times
  • The average score is 5 of 6
Answer Stats
Hint Answer % Correct
This country is very old, but it is one of the most modern countries of the world. It lies in Asia and has an average Population of 124 million people. Japan
95%
This country is known for a lot of Fast Food Restaurants, Sightseeing Tours, Big Cities and sadly too for too old presidents too. It has an oversea Territory named: Puerto Rico United States of America
95%
This country is disputed, because 49 countries dont say its independent. It still has a large population of over 3 million people. Some would say that its independent, some not. It matters, Where you ask. This country lies in Asia and his neighbours are Jordan, Egypt and Israel. Palestine
93%
This country lies in Oceania. It lies on all hemnispheres, North, East, South and West. Kiribati
80%
This Country is the 2nd smallest on Earth. Monaco
80%
This country is very, very small. Nauru
65%
No matching quizzes found
Score Distribution
Percent of People with Each Score
Percentile by Number Answered
Your Score History
You have not taken this quiz